Caricamento...

Computers in early and primary education

Dettagli Bibliografici
Autore principale: Clements, Douglos H
Pubblicazione: New Jersey, Prentice Hall 1985
Soggetti:
LEADER 005450000a22001690004500
020 |a 0-13-164013-5 
082 |a 372.139 445 M5 
100 |a Clements, Douglos H 
245 |a Computers in early and primary education 
260 |a New Jersey, Prentice Hall 
260 |c 1985 
650 |a Computer assisted instruction 
650 |a Curriculum 
650 |a Education 
650 |a Primary Education 
999 |c 88680  |d 88680 
952 |0 0  |1 0  |4 0  |6 372_139000000000000_445_M5  |7 0  |9 81015  |a SBES  |b SBES  |d 2016-08-12  |l 0  |o 372.139 445 M5  |p SBES01016  |r 2016-08-12  |w 2016-08-12